| 000 | 00467nam a22001457a 4500 | ||
|---|---|---|---|
| 005 | 20090711135946.0 | ||
| 008 | 090711t xxu||||| |||| 00| 0 eng d | ||
| 245 | _aAmar vikas | ||
| 260 |
_aMumbai _bAmar Chitra Katha _c2009- |
||
| 300 |
_av. _c26 cm |
||
| 310 | _amonthly | ||
| 270 |
_a14, Marthanda, 84, Dr. Annie Besant Road, Worli _bMumbai _e400018 |
||
| 942 |
_2ddc _cSR _s1 |
||
| 999 |
_c28185 _d28185 |
||